தகவல் தொடர்பாடல் தொழினுட்பவியல்/
Saved in:
| Main Author: | |
|---|---|
| Format: | Book |
| Language: | English Tamil |
| Published: |
இலங்கை:
லோயல் பப்ளிகேஷன்;
|
| Subjects: | |
| Tags: |
Add Tag
No Tags, Be the first to tag this record!
|
MARC
| LEADER | 00000nam a22000007a 4500 | ||
|---|---|---|---|
| 005 | 20260415151546.0 | ||
| 008 | 260415b |||||||| |||| 00| 0 eng d | ||
| 020 | |a 9789557732794 | ||
| 041 | |a tam |h tam | ||
| 082 | |a T-004 |b லோயல் | ||
| 100 | |a லோயல் | ||
| 245 | |a தகவல் தொடர்பாடல் தொழினுட்பவியல்/ |c லோயல் | ||
| 260 | |a இலங்கை: |b லோயல் பப்ளிகேஷன்; | ||
| 300 | |a 170 p. |c 30 cm | ||
| 500 | |a purchase | ||
| 650 | |a தொழினுட்பவியல் | ||
| 942 | |c BK | ||
| 999 | |c 71363 |d 71363 | ||